000 00568cam a22002171a 4500
001 sa 68009462
003 DLC
005 20260227112543.0
008 891006s1967 ii 000 1 maio
010 _asa 68009462
035 _a(OCoLC)20450413
040 _aDLC
_cWaU
_dWU
_dDLC
042 _apremarc
050 0 0 _aPK1818.9.R4
_bD8
100 1 _aReṇu, Ramānanda,
_d1932-
245 1 0 _aDūdha-phūla /
_cRamānanda Reṇu.
260 _aPatanā :
_bNavaranga Prakāśana,
_c1967.
300 _a179 p. ;
_c19 cm.
546 _aIn Maithili.
500 _aA novel.
999 _c82916
_d82916